|
|
|
|
| LEADER |
02171nam a22003617a 4500 |
| 001 |
38953 |
| 003 |
BD-DhAAL |
| 008 |
220620t2022 nyua 001 0 eng d |
| 999 |
|
|
|c 44000
|d 44000
|
| 020 |
|
|
|a 9781264266876
|
| 020 |
|
|
|a 1264266871
|
| 040 |
|
|
|a BD-DhAAL
|c BD-DhAAL
|
| 082 |
0 |
0 |
|a 510.2433
|2 20
|
| 100 |
|
|
|a Pena-Levano, Luis Moises
|9 49498
|
| 245 |
1 |
0 |
|a Schaum's outline of mathematical methods for business, economics and finance /
|c Luis Moises Pena-Levano
|
| 250 |
|
|
|a Second edition
|
| 260 |
|
|
|a New York :
|b McGraw-Hill,
|c c2022.
|
| 300 |
|
|
|a x, 546 pages :
|b illustrations ;
|c 28 cm.
|
| 490 |
0 |
|
|a Schaum's outline series
|
| 500 |
|
|
|a Includes index.
|
| 526 |
|
|
|a ESS
|
| 541 |
|
|
|a Karim International
|e 38953, 38954, 38955, 38956, 38957, 38958
|
| 650 |
|
0 |
|a Economics, Mathematical.
|9 49499
|
| 650 |
|
0 |
|a Mathematics.
|9 49500
|
| 830 |
|
|
|a Schaum's outline series
|9 49501
|
| 852 |
|
|
|a Ayesha Abed Library
|c General Stacks
|
| 942 |
|
|
|2 ddc
|c BK
|
| 952 |
|
|
|0 0
|1 0
|2 ddc
|4 0
|6 510_243300000000000_PEN
|7 0
|9 70919
|a BRACUL
|b BRACUL
|c GEN
|d 2022-06-15
|e Karim International
|g 1920.00
|l 1
|m 4
|o 510.2433 PEN
|p 3010038956
|r 2023-02-27
|s 2023-01-28
|t 4
|v 1920.00
|w 2022-06-15
|y BK
|
| 952 |
|
|
|0 0
|1 0
|2 ddc
|4 0
|6 510_243300000000000_PEN
|7 0
|9 70920
|a BRACUL
|b BRACUL
|c GEN
|d 2022-06-15
|e Karim International
|g 1920.00
|l 1
|m 5
|o 510.2433 PEN
|p 3010038955
|r 2025-09-09
|s 2025-08-11
|t 3
|v 1920.00
|w 2022-06-15
|y BK
|
| 952 |
|
|
|0 0
|1 0
|2 ddc
|4 0
|6 510_243300000000000_PEN
|7 0
|9 70921
|a BRACUL
|b BRACUL
|c GEN
|d 2022-06-15
|e Karim International
|g 1920.00
|l 1
|m 25
|o 510.2433 PEN
|p 3010038954
|r 2025-02-13
|s 2024-03-18
|t 2
|v 1920.00
|w 2022-06-15
|y BK
|
| 952 |
|
|
|0 0
|1 0
|2 ddc
|4 0
|6 510_243300000000000_PEN
|7 0
|9 70922
|a BRACUL
|b BRACUL
|c GEN
|d 2022-06-15
|e Karim International
|g 1920.00
|l 0
|o 510.2433 PEN
|p 3010038957
|r 2022-06-15
|t 5
|v 1920.00
|w 2022-06-15
|y BK
|
| 952 |
|
|
|0 0
|1 0
|2 ddc
|4 0
|6 510_243300000000000_PEN
|7 0
|9 70923
|a BRACUL
|b BRACUL
|c GEN
|d 2022-06-15
|e Karim International
|g 1920.00
|l 0
|o 510.2433 PEN
|p 3010038958
|r 2022-06-15
|t 6
|v 1920.00
|w 2022-06-15
|y BK
|
| 952 |
|
|
|0 0
|1 0
|2 ddc
|4 0
|6 510_243300000000000_PEN
|7 0
|9 70924
|a BRACUL
|b BRACUL
|c GEN
|d 2022-06-15
|e Karim International
|g 1920.00
|l 0
|o 510.2433 PEN
|p 3010038953
|r 2022-06-15
|t 1
|v 1920.00
|w 2022-06-15
|y BK
|